01240cam a22002771 4500001001300000003000400013005001700017008004100034010001700075035001800092040007600110042001200186050001400198082001300212100003400225245011600259260009200375300003200467500001600499500009400515500011000609650003800719650005500757710013300812999001700945hew66000152 DLC20260227111515.0731119s1966 dcua f000 0 eng c ahew66000152  a(OCoLC)744137 aU.S. Dept. of Health, Education, and Welfare. LibrarycOClUdOCoLCdDLC apremarc00aL112b.R6 a378.1/961 aRobbins, Leslie Frank,d1898-10aNew construction and rehabilitation on college campuses, 1961-62, 1962-63, and 1963-64c[by] Leslie F. Robbins. a[Washington]bU.S. Dept. of Health, Education, and Welfare, Office of Educationc[1966] aviii, 79 p.billus.c26 cm. a"OE-51011." a"Third of a series accumulating construction data starting with the fiscal year 1951-52." aPrepared in the Business Administration Section, Division of Educational Organization and Administration. 0aCollege buildingszUnited States. 0aUniversities and collegeszUnited StatesxFinance.1 aUnited States.bOffice of Education.bDivision of Educational Organization and Administration.bBusiness Administration Section. c34652d34652